000 00342nam a2200133Ia 4500
008 240624s9999 xx 000 0 und d
041 _aeng
082 _a320.082 MOS
100 _aMOSELEY ALEXANDER
245 _aINTRODUCTION TO POLITICAL PHILOSOPHY
260 _c2016
_aNew Delhi
_bBloomsbury
300 _a202 p.; 19 cm.
365 _cRS
_b30
999 _c29543
_d29543